000 00466nam a2200133Ia 4500
003 GCL
008 140319s9999 xx 000 0 ara d
040 _aGCL /
_cGCL
082 0 4 _a361
_bس ز
100 1 _aسميرة كامل محمد على
245 1 0 _aالزيارات الميدانية فى مجالات الخدمة الاجتماعية /
_cسميرة كامل محمد على
300 _a252 ص
490 _aالهيئة العامة للاستعلامات
_v0
999 _c49335
_d49335